000 00424nam a22001697a 4500
003 OSt
005 20250912122712.0
008 250305b |||||||| |||| 00| 0 eng d
020 _a97895316592
082 _a610.28
_bR47B
245 _aBiosensors
_cEdited By Toonika Rinken
260 _aCroatia
_bInTech
_c2016
300 _avii,292p.
_eHbk
653 _aBiosensors
700 _aRinken, Toonika
_eEditor
942 _2ddc
_cBK
999 _c28906
_d28906